Marguerite / (Record no. 165632)

MARC details
000 -LEADER
campo de control de longitud fija 00816nam a2200229 i 4500
001 - NÚMERO DE CONTROL
campo de control 165632
003 - IDENTIFICADOR DE NÚMERO DE CONTROL
campo de control ES-MaACL
005 - FECHA Y HORA DE LA ÚLTIMA TRANSACCIÓN
campo de control 20250707020433.0
008 - DATOS DE LONGITUD FIJA--INFORMACIÓN GENERAL
campo de control de longitud fija 050906q1860 fr a | |||||||| ||fre d
040 ## - FUENTE DE CATALOGACIÓN
Centro catalogador/agencia de origen CAM
Lengua de catalogación spa
Centro/agencia transcriptor CAM
100 1# - ENTRADA PRINCIPAL--NOMBRE DE PERSONA
Nombre de persona Soulié, Frédéric,
Fechas asociadas al nombre 1800-1847
Término indicativo de función/relación Autor
9 (RLIN) 107564
245 10 - MENCIÓN DEL TÍTULO
Título Marguerite /
Mención de responsabilidad, etc. par Frédéric Soulié
260 ## - PUBLICACIÓN, DISTRIBUCIÓN, ETC.
Lugar de publicación, distribución, etc. [S.l. :
Nombre del editor, distribuidor, etc. s.n.,
Fecha de publicación, distribución, etc. ca. 1860]
Lugar de fabricación/manufactura (Saint-Germain-en-Laye :
Fabricante Imp. de Beau)
300 ## - DESCRIPCIÓN FÍSICA
Extensión 52 páginas :
Otras características físicas ilustraciones ;
Dimensiones 30 cm.
594 ## - Nota al título y mención de responsabilidad
Nota al título y mención de responsabilidad Tit. y autor tomados de pag.1
596 ## - NOTA AL PIE DE IMPRENTA
NOTA AL PIE DE IMPRENTA El pie de imp. consta en colofón
597 ## - NOTA DE DESCRIPCIÓN FÍSICA
NOTA DE DESCRIPCIÓN FÍSICA Texto a dos col.
599 ## - NOTA A LAS ILUSTRACIONES
NOTA A LAS ILUSTRACIONES La il. en pag.1
852 ## - LOCALIZACIÓN
Ubicación ES-MaACL
Ubicación en estantería Depósito
Partes que faltan Falto de port.
Donativo/Legado Legado Goyeneche
Número de control de estantería R-1711(9)
Encuadernación Enc. en un vol. facticio
-- Holandesa
942 ## - ELEMENTOS DE ENTRADA SECUNDARIOS (KOHA)
Fuente del sistema de clasificación o colocación Clasificación decimal universal
Tipo de ítem Koha Libro impreso antiguo
Suprimir en OPAC No
Holdings
Estatus retirado Estado de pérdida Fuente del sistema de clasificación o colocación Estado de daño No para préstamo Colección Biblioteca de origen Biblioteca actual Ubicación en estantería Fecha de adquisición Fuente de adquisición Total de préstamos Signatura topográfica completa Código de barras Visto por última vez Tipo de ítem Koha
    Clasificación decimal universal     Libros del s. XIX Biblioteca del Ateneo de Madrid Biblioteca del Ateneo de Madrid Depósito 17/01/2008 Legado   R-1711(9) 1173702 23/02/2023 Libro impreso antiguo